Lanean...

Democracy indian style: subhas chandra bose and the creation of indias political culture

Xehetasun bibliografikoak
Egile nagusia: Pelinka, Anton
Formatua: Printed Book
Argitaratua: Newdelhi VIVA 2004
Gaiak:
LEADER 00528nam a22001337a 4500
020 |a 8176497797 
100 |a Pelinka, Anton 
245 |a Democracy indian style: subhas chandra bose and the creation of indias political culture 
260 |a Newdelhi  |b VIVA  |c 2004 
300 |a 317P 
650 |a RISE OF A NATIONALIST, INDIAN DEMOCRACY, INTERLUDE IN BERLIN 
942 |c BK 
999 |c 289982  |d 289982 
952 |0 0  |1 0  |4 0  |6 321_409540000000000_PEL_D  |7 0  |9 330076  |a HIS  |b HIS  |c ST1  |d 2016-04-26  |i 22801  |l 0  |o 321.40954 PEL/D  |p HIS22801  |r 2018-08-23  |w 2018-08-23  |y BK